000 00894nam a2200301Ia 4500
003 GCL
008 140319s9999 xx 000 0 ara d
040 _aGCL /
_cGCL
082 0 4 _a796
_bن م
100 1 _aنجيب المستكاوى
245 1 0 _aالموسوعة الرياضية /
_cنجيب المستكاوى
260 _a[S.N] :
_bمركز الاهرام للترجمة والنشر ،
_c1991
300 _a183 ص
490 _a
650 0 4 _aالالعاب الرياضية
650 0 4 _aالجودو
650 0 4 _aالعاب الكرة
650 0 4 _aالملاكمة
650 0 4 _aالعاب القوى
650 0 4 _aالسباحة
650 0 4 _aالرياضة المائية
650 0 4 _aالمصارعة اليابانية
650 0 4 _aالسلاح
650 0 4 _aالغطس
650 0 4 _aالتجديف
650 0 4 _aالكاراتية
942 _2ddc
_cBK
999 _c28818
_d28818